Normal view
MARC view
Entry Corporate Name
001 - CONTROL NUMBER
- control field: 30096
003 - CONTROL NUMBER IDENTIFIER
- control field: OSt
005 - DATE AND TIME OF LATEST TRANSACTION
- control field: 20211105135328.0
008 - FIXED-LENGTH DATA ELEMENTS
- fixed length control field: 211105|| aca||aabn | a|a d
040 ## - CATALOGING SOURCE
- Original cataloging agency: OSt
- Transcribing agency: OSt
110 ## - HEADING--CORPORATE NAME
- Corporate name or jurisdiction name as entry element: NATO Advanced Research Workshop
670 ## - SOURCE DATA FOUND
- Source citation: Work cat.: (OSt): NATO Advanced Research Workshop Hungary 2002 Sept. 16-20 30094, Turbulence, waves and instabilities in the solar plasma, 2004